000 00734nam a2200253Ia 4500
003 OSt
005 20221005081617.0
006 a|||||r|||| 00| 0
007 ta
008 221004b |||||||| |||| 00| 0 eng d
020 _c695
024 _a96704
037 _b408, 19/01/2009, Bhartiya Sahitya Bhawan
_cTextual
040 _aCRL
_cCRL
_beng
041 _2eng
_aeng
082 _aO15,1D40,2, 111P8
100 _aKalidasa
245 0 _aKumarasambhavam
_b The origin of kumara
260 _aNew Delhi
_bRupa & Co. India
_c2008
300 _axi,385p.
_ccm.
650 _aKALIDAS
942 _hO15,1D40,2, 111P8
_cTEXL
_2cc
999 _c987991
_d987991